Culture Générale - Série 255 - Statistiques

Statistiques générales
  • Ce quiz a été pris 380 fois
  • Le résultat moyen est 7 sur 10
Statistiques - réponses
Question Réponse % Correct
Sur quel continent les populations berbères vivent-elles majoritairement ? L'Afrique
98%
Combien de pays différents sont désignés par le terme Benelux ? 3
96%
De quel animal le cabri est-il le petit ? La chèvre
86%
De quelle région les Bigoudens et les Bigoudènes sont-ils originaires ? La Bretagne
76%
Dans quel domaine Louis Blériot s'est-il illustré ? L'aviation
76%
De quel pays Habib Bourguiba fut-il le président entre 1957 et 1987 ? La Tunisie
73%
De quel fruit la burlat est-elle une variété ? La cerise
61%
Quel était le prénom de Labiche, l'auteur de pièces de théâtre ? Eugène
39%
Qu'est-ce qu'un hélicon ? Instrument de musique
27%
Qui est l'interprète française du "Locomotion" en 1962 ? Sylvie Vartan
19%
Aucun quiz correspondant
Distribution des résultats
% des personnes avec chaque résultat
Percentile par nombre de réponses
Votre historique - résultats
Vous n’avez pas pris ce quiz